Random curiosity / (Record no. 180182)

MARC details
000 -LEADER
fixed length control field 00699nam a22002177a 4500
005 - DATE AND TIME OF LATEST TRANSACTION
control field 20210728115030.0
010 ## - LCCN (DPL NO)
LC control number B-740666
020 ## - INTERNATIONAL STANDARD BOOK NUMBER
International Standard Book Number 9788123761060
Terms of availability 140.00
035 ## - SYSTEM CONTROL NUMBER
System control number B-740666
037 ## - SOURCE OF ACQUISITION
Source of stock number/acquisition Gift
082 ## - DEWEY DECIMAL CLASSIFICATION NUMBER
Classification number 031.02
100 ## - MAIN ENTRY--PERSONAL NAME
Personal name Pal, Yash
245 ## - TITLE STATEMENT
Title Random curiosity /
Statement of responsibility, etc by Yash Pal [and] Rahul Pal
260 ## - PUBLICATION, DISTRIBUTION, ETC. (IMPRINT)
Name of publisher, distributor, etc National Book Trust
Date of publication, distribution, etc 2011
Place of publication, distribution, etc New Delhi
270 ## - ADDRESS
Address Nehru Bhawan, 5 Institutional Area, Phase-II, Vasant Kunj
City New Delhi
Postal code 110070
300 ## - PHYSICAL DESCRIPTION
Extent xxxv, 258p.:
Dimensions 21cm(pbk)
Other physical details ill.
500 ## - GENERAL NOTE
General note include index
700 ## - ADDED ENTRY--PERSONAL NAME
Personal name Pal, Rahul
942 ## - ADDED ENTRY ELEMENTS (KOHA)
Source of classification or shelving scheme Dewey Decimal Classification
Item type English Books
Classification part 031.02
Call number suffix PAL
Holdings
Withdrawn status Lost status Not for loan Collection code Home library Current library Date acquired Source of acquisition Cost, normal purchase price Full call number Barcode Copy number Cost, replacement price Koha item type Public note
      Non-fiction Central Library Central Library 28/07/2021 Gift/Eng/07-07-2021 140.00 031.02 PAL B-740666 1 140.00 English Books Gift

© Delhi Public Library
Hit Counter
free hit counter